| 000 | 00536nam a22002177a 4500 | ||
|---|---|---|---|
| 003 | Nust | ||
| 005 | 20211103113949.0 | ||
| 008 | 170220b xxu||||| |||| 00| 0 eng d | ||
| 020 | _a978-1-25-900636-4 | ||
| 038 | _akhadija | ||
| 040 | _cc | ||
| 082 |
_a621.815 _bBHA |
||
| 100 |
_aBhandari, V.B. _959935 |
||
| 245 |
_aIntroduction To Machine Design / _cV B Bhandari |
||
| 250 | _a2nd ed. | ||
| 260 |
_aNew Delhi : _bMcGraw Hill, _c2015. |
||
| 300 |
_a645 p. ; _b22 cm. |
||
| 500 | _aPaperback. | ||
| 563 | _aPB | ||
| 942 |
_cBK _2ddc |
||
| 999 |
_c33816 _d33816 |
||